[Event "Petrovskaya Ladya GM1"]
[Site "Peterhof RUS"]
[Date "2009.01.06"]
[Round "6"]
[White "Savchenko,S"]
[Black "Rozum,I"]
[Result "1-0"]
[WhiteElo "2572"]
[BlackElo "2451"]

1.d4 Nf6 2.c4 g6 3.Nc3 Bg7 4.e4 d6 5.Nf3 O-O 6.Be2 e5 7.O-O Nc6 8.d5 Ne7
9.b4 Nh5 10.Re1 f5 11.Ng5 Nf6 12.Bf3 c6 13.b5 cxd5 14.cxd5 h6 15.Ne6 Bxe6
16.dxe6 fxe4 17.Nxe4 Nxe4 18.Bxe4 d5 19.Ba3 dxe4 20.Qxd8 Rfxd8 21.Bxe7 Re8
22.Bc5 Rxe6 23.Be3 a6 24.b6 Rd8 25.Rac1 Rd7 26.g3 Kf7 27.Rc4 Red6 28.Kg2 h5
29.Rec1 Rd5 30.Rxe4 Bf6 31.Rec4 Ke6 32.Kf3 Bd8 33.Ke4 Ra5 34.R1c2 Ra3 35.h4 Ra5
36.Rc7 Ra4+ 37.Kf3 Rb4 38.Rxd7 Kxd7 39.Rd2+ Ke8 40.Rd6 Rg4 41.Re6+ Kf7 42.Rxe5 Rb4
43.Rd5 Bxb6 44.Rd7+ Ke6 45.Rxb7 Bc5 46.Rxb4 Bxb4 47.Kf4 Be1 48.Kg5 Kf7 49.a4 Bb4
50.Kf4 Ke6 51.Ke4 Be1 52.Kd4 Kf5 53.Kc5 Ke4 54.Kb6 a5 55.Kb5 Kf3 56.Bb6 Kg4
57.Bxa5 Bxf2 58.Bc7 Bxg3 59.Bxg3 Kxg3 60.a5 Kxh4 61.a6 g5 62.a7 g4 63.a8=Q g3
64.Qg2 Kg4 65.Kc4  1-0

[Event "Petrovskaya Ladya GM1"]
[Site "Peterhof RUS"]
[Date "2009.01.06"]
[Round "6"]
[White "Khruschiov,A"]
[Black "Shimanov,A"]
[Result "0-1"]
[WhiteElo "2498"]
[BlackElo "2488"]

1.d4 Nf6 2.c4 g6 3.Nc3 Bg7 4.e4 O-O 5.Nf3 d6 6.Be2 e5 7.O-O Nc6 8.d5 Ne7
9.Ne1 Nd7 10.Be3 f5 11.f3 f4 12.Bf2 g5 13.Rc1 Rf6 14.Nd3 Rh6 15.Nb5 b6 16.b4 a6
17.Na3 Qe8 18.Be1 Nf6 19.Nf2 Rg6 20.c5 b5 21.g4 fxg3 22.hxg3 Nh5 23.Ng4 Nf4
24.cxd6 cxd6 25.Nc2 h5 26.Nf2 g4 27.fxg4 Nxe2+ 28.Qxe2 Bxg4 29.Nxg4 Rxg4
30.Ne3 Rxe4 31.Rc7 Bh6 32.Bf2 Bxe3 33.Bxe3 Rg4 34.Qf3 e4 35.Qf2 Nxd5 36.Bd4 Nxc7
37.Qf6 Kh7 38.Qf5+ Qg6 39.Qd7+ Kg8 40.Qxc7 Rxg3+ 41.Kh2 Rg4 42.Bf6 Rg2+ 43.Kh1 Qg3  0-1

[Event "14th Open"]
[Site "Bosnjaci CRO"]
[Date "2009.01.07"]
[Round "7"]
[White "Pasalic,A"]
[Black "Kadric,D"]
[Result "0-1"]
[WhiteElo "2120"]
[BlackElo "1982"]

1.d4 Nf6 2.c4 g6 3.Nc3 Bg7 4.e4 d6 5.Nf3 O-O 6.Be2 e5 7.O-O Nc6 8.d5 Ne7
9.Ne1 Nd7 10.Be3 f5 11.f3 f4 12.Bf2 g5 13.b4 Ng6 14.c5 Nf6 15.Kh1 h5 16.Rg1 g4
17.g3 gxf3 18.Nxf3 Ng4 19.Qe1 Kh8 20.Rc1 Rf7 21.cxd6 cxd6 22.Nb5 a6 23.Nxd6 Qxd6
24.Bc5 Qd8 25.Bc4 Bh6 26.d6 Rf6 27.gxf4 Bxf4 28.h3 Bxc1 29.Qxc1 Rf4 30.hxg4 Bxg4
31.Be2 Bxf3+ 32.Bxf3 Qh4+ 33.Kg2 Raf8 34.Bf2 Rg4+ 35.Kf1 Rxf3 36.Qd2 Rgf4
37.Rg2 Qh1+ 38.Rg1 Rxf2+ 39.Qxf2 Rxf2+ 40.Kxf2 Qxe4  0-1

[Event "Australian Open"]
[Site "Manly Sydney AUS"]
[Date "2009.01.07"]
[Round "7"]
[White "Sales,J"]
[Black "Smirnov,Vl1"]
[Result "1/2-1/2"]
[WhiteElo "2340"]
[BlackElo "2372"]

1.Nf3 Nf6 2.c4 g6 3.Nc3 Bg7 4.e4 d6 5.d4 O-O 6.Be2 e5 7.O-O Nc6 8.d5 Ne7
9.b4 Nh5 10.Re1 f5 11.Ng5 Nf6 12.Bf3 c6 13.Be3 h6 14.Ne6 Bxe6 15.dxe6 fxe4
16.Nxe4 Nxe4 17.Bxe4 d5 18.cxd5 cxd5 19.Bc5 dxe4 20.Qxd8 Rfxd8 21.Bxe7  1/2-1/2

[Event "Australian Open"]
[Site "Manly Sydney AUS"]
[Date "2009.01.08"]
[Round "8"]
[White "Voon,R"]
[Black "Tan,Kev"]
[Result "1-0"]
[WhiteElo "1976"]
[BlackElo "2252"]

1.Nf3 Nf6 2.c4 g6 3.Nc3 Bg7 4.e4 d6 5.d4 O-O 6.Be2 e5 7.O-O Nc6 8.d5 Ne7
9.Ne1 Ne8 10.Be3 f5 11.f3 f4 12.Bf2 g5 13.c5 Rf7 14.Nd3 Bf8 15.b4 Rg7 16.g4 fxg3
17.hxg3 g4 18.f4 h5 19.fxe5 dxe5 20.Nxe5 Ng6 21.Nxg6 Rxg6 22.Kg2 h4 23.Rh1 h3+
24.Kh2 Bg7 25.Bd4 Qg5 26.Rf1 Nf6 27.Qd3 Nh5 28.Bxg7 Rxg7 29.Qd4 Nxg3 30.Kxg3 Rh7
31.Qf2 Qh4+ 32.Kh2 Qe7 33.Qf6 Qxf6 34.Rxf6 Rg7 35.Rg1 Bd7 36.e5 Rf8 37.Rxf8+ Kxf8
38.e6 Be8 39.Rxg4 Rxg4 40.Bxg4 Ke7 41.Bxh3 Bg6 42.Nb5 c6 43.dxc6 bxc6 44.Nxa7 Be4
45.Bg2 Bxg2 46.Kxg2 Kxe6 47.Nxc6 Kd5 48.Na5  1-0

[Event "TCh-ISR 2008-9"]
[Site "Israel ISR"]
[Date "2009.01.09"]
[Round "5"]
[White "Porat,S"]
[Black "Bitensky,I"]
[Result "1-0"]
[WhiteElo "2459"]
[BlackElo "2439"]

1.d4 Nf6 2.c4 g6 3.Nc3 Bg7 4.e4 O-O 5.Nf3 d6 6.Be2 e5 7.O-O Nc6 8.d5 Ne7
9.Ne1 Nd7 10.Nd3 f5 11.exf5 gxf5 12.f4 Kh8 13.Kh1 Ng6 14.Be3 Qe7 15.Qd2 Re8
16.fxe5 Ndxe5 17.Nxe5 Qxe5 18.Bg1 Bd7 19.Bd3 Qf6 20.Nb5 Bxb5 21.cxb5 f4 22.Bxg6 hxg6
23.Rxf4 Qxb2 24.Qxb2 Bxb2 25.Rb1 Bg7 26.Rf7 Re2 27.Rxc7 b6 28.a4 Rd2 29.Re1 Be5
30.Rd7 Kg8 31.h3 Rxd5 32.Bh2 a6 33.Bxe5 Rxe5 34.Rxe5 dxe5 35.Rd6 axb5 36.axb5 Kf7
37.Rxb6 Ra3 38.Rc6 Rb3 39.b6 Kg7 40.Kg1 Rb2 41.g4 Kh6 42.Re6 Kg5 43.Rxe5+ Kh4
44.Re6 g5 45.Rh6+ Kg3 46.Kf1 Kf3 47.Ke1 Ke3 48.Kd1 Kd3 49.Kc1 Rb3 50.Rg6 Ke4
51.Kc2 Rxh3 52.b7 Rh8 53.Rxg5 Rb8 54.Rb5 Kd4 55.Kb3  1-0

[Event "Australian Open"]
[Site "Manly Sydney AUS"]
[Date "2009.01.09"]
[Round "9"]
[White "Tan,Kev"]
[Black "Ruan,J"]
[Result "0-1"]
[WhiteElo "2252"]
[BlackElo "1908"]

1.d4 Nf6 2.c4 g6 3.Nc3 Bg7 4.e4 d6 5.Nf3 O-O 6.Be2 e5 7.O-O Nc6 8.d5 Ne7
9.Ne1 Nd7 10.Be3 f5 11.f3 f4 12.Bf2 g5 13.Nd3 Nf6 14.c5 Ng6 15.cxd6 cxd6
16.a4 h5 17.Nb5 a6 18.Nc3 g4 19.a5 gxf3 20.Bxf3 Bg4 21.Na4 Nxe4 22.Bxg4 Nxf2
23.Rxf2 hxg4 24.Qxg4 Qe8 25.Nb6 Rd8 26.Rc1 Qf7 27.Rc4 Qf5 28.Qxf5 Rxf5 29.Rc7 e4
30.Nb4 Bd4 31.Rxb7 f3 32.Nc6 Bxf2+ 33.Kxf2 e3+ 34.Kg3 f2 35.Nxd8 f1=Q 36.Ne6 Qf2+
37.Kh3 Qh4+  0-1

[Event "6th ch-Mediterranean"]
[Site "Antalya TUR"]
[Date "2009.01.13"]
[Round "5"]
[White "Ersahin,B"]
[Black "Vojinovic,J"]
[Result "0-1"]
[WhiteElo "2127"]
[BlackElo "2331"]

1.d4 Nf6 2.c4 g6 3.Nc3 Bg7 4.e4 O-O 5.Nf3 d6 6.Be2 e5 7.O-O Nc6 8.d5 Ne7
9.b4 a5 10.Ba3 axb4 11.Bxb4 b6 12.a4 Ne8 13.Nb5 f5 14.a5 fxe4 15.Ng5 bxa5
16.Rxa5 Rxa5 17.Bxa5 Bf5 18.c5 Nc8 19.Ne6 Bxe6 20.dxe6 d5 21.Qb3 Ne7 22.Rd1 Qb8
23.Rxd5 Qa8 24.Bxc7 Qxd5 25.Qxd5 Nxd5 26.Bd6 Bf6 27.Bc4 Ne7 28.Nc3 e3 29.fxe3 Bg5
30.g4 Bxe3+ 31.Kh1 Bg5 32.Ne4 Bh4 33.g5 Rf4 34.Bxe7 Rxe4 35.Bb5 Ng7 36.Bd7 Bf2
37.Bd6 Rg4 38.h3 Rxg5 39.c6 Bb6 40.c7 Bxc7 41.Bxc7 e4 42.Bd8 Rf5 43.Bb6 Kf8
44.Bd4 Ne8 45.Bc3 Ke7 46.Kg2 e3 47.Bb4+ Nd6 48.h4 Rf4 49.Bc5 e2 50.Bf2 Ne4
51.Be1 Rf1 52.Bb4+ Nd6  0-1

[Event "Petrovskaya Ladya GM2"]
[Site "Peterhof RUS"]
[Date "2009.01.15"]
[Round "3"]
[White "Yevseev,D"]
[Black "Rozum,I"]
[Result "1/2-1/2"]
[WhiteElo "2538"]
[BlackElo "2451"]

1.c4 g6 2.d4 Bg7 3.Nf3 d6 4.Nc3 Nf6 5.e4 O-O 6.Be2 e5 7.O-O Nc6 8.dxe5 Nxe5
9.Bf4 Nfd7 10.Qd2 Nxf3+ 11.Bxf3 Ne5 12.Be2 Be6 13.b3 Qd7 14.Bh6 Bxh6 15.Qxh6 f5
16.exf5 Rxf5 17.Qe3 Nc6 18.f4 Re8 19.Rad1 Qg7 20.Bg4 Bd7 21.Qd2 Rf7 22.Bxd7 Rxd7
23.Nd5 Rf7 24.Rfe1 Qd4+ 25.Qxd4 Rxe1+ 26.Rxe1 Nxd4 27.Re4 c5 28.Kf2 b5 29.cxb5 Nxb5
30.Ke3 Nc7 31.Nxc7 Rxc7 32.Re6 Rc6 33.Ke4 Ra6 34.g4 Rxa2 35.Rxd6 Rb2 36.Rd8+ Kf7
37.Rd7+ Ke6 38.Rxh7 Rxb3 39.Rxa7 Rb4+ 40.Kf3 Rb3+ 41.Kg2 Kd5 42.f5 gxf5 43.gxf5 Ke5
44.Rc7  1/2-1/2

[Event "Queenstown Classic"]
[Site "Queenstown NZL"]
[Date "2009.01.15"]
[Round "1"]
[White "Lukey,S"]
[Black "Capper,D"]
[Result "1-0"]
[WhiteElo "2247"]
[BlackElo "1880"]

1.d4 Nf6 2.c4 g6 3.Nc3 Bg7 4.e4 d6 5.Nf3 O-O 6.Be2 e5 7.O-O Nc6 8.Be3 Qe8
9.d5 Ne7 10.Nd2 Nd7 11.Nb5 Qd8 12.Nxa7 f5 13.Nxc8 Qxc8 14.f3 f4 15.Bf2 g5
16.b4 b6 17.Qb3 Kh8 18.a4 h5 19.a5 bxa5 20.Rxa5 Rxa5 21.bxa5 Qa6 22.Qb5 Qxb5
23.cxb5 Ra8 24.Rc1 Rc8 25.Nc4 Bf8 26.b6 cxb6 27.axb6 Nb8 28.Rb1 Rd8 29.b7 Ng8
30.Bb6 Rd7 31.Ba7 Rd8 32.Bxb8 Rxb8 33.Na5  1-0

[Event "Petrovskaya Ladya GM2"]
[Site "Peterhof RUS"]
[Date "2009.01.16"]
[Round "4"]
[White "Khruschiov,A"]
[Black "Gorovykh,E"]
[Result "0-1"]
[WhiteElo "2498"]
[BlackElo "2391"]

1.d4 Nf6 2.c4 g6 3.Nc3 Bg7 4.e4 d6 5.Be2 O-O 6.Nf3 e5 7.O-O Nc6 8.d5 Ne7
9.Nd2 c5 10.Rb1 Nd7 11.b4 b6 12.bxc5 bxc5 13.Qa4 f5 14.Nb3 Nf6 15.f3 a5 16.Bd3 f4
17.g4 g5 18.h3 h5 19.Ba3 Bd7 20.Nb5 Ng6 21.Nxc5 dxc5 22.Bxc5 hxg4 23.hxg4 Bxg4
24.fxg4 Qc8 25.Qa3 Qxg4+ 26.Kf2 f3 27.Nd6 Qh4+ 28.Kxf3 Nxe4+ 29.Kg2 Qg3+
30.Kh1 Nxc5  0-1

[Event "TCh-AUT 2nd Bundesliga Ost 2008-9"]
[Site "Austria AUT"]
[Date "2009.01.18"]
[Round "7"]
[White "Zetthofer,G"]
[Black "Rogetzer,K"]
[Result "1/2-1/2"]
[WhiteElo "2273"]
[BlackElo "2091"]

1.d4 Nf6 2.Nf3 g6 3.c4 Bg7 4.Nc3 O-O 5.e4 d6 6.Be2 e5 7.O-O Nc6 8.d5 Ne7
9.Ne1 Nd7 10.Be3 f5 11.f3 f4 12.Bf2 g5 13.b4 Rf6 14.c5 Rh6 15.Nd3 Qe8 16.g4 fxg3
17.Bxg3 Nf6 18.Qd2 Nh5 19.Kf2 Nxg3 20.hxg3 Rh2+ 21.Ke1 a5 22.b5 Ng6 23.Rf2 Rh1+
24.Rf1 Rh2 25.Rf2 Rh1+ 26.Rf1  1/2-1/2

[Event "1st Open"]
[Site "Gurgon IND"]
[Date "2009.01.23"]
[Round "4"]
[White "Ulibin,M"]
[Black "Ramakrishna,J"]
[Result "1-0"]
[WhiteElo "2511"]
[BlackElo "2298"]

1.d4 Nf6 2.c4 g6 3.Nc3 Bg7 4.e4 d6 5.Be2 O-O 6.Nf3 e5 7.O-O Nc6 8.d5 Ne7
9.Nd2 Nd7 10.b4 f5 11.c5 Nf6 12.f3 f4 13.Nc4 g5 14.Bd2 Ng6 15.cxd6 cxd6 16.a4 Rf7
17.Be1 Bf8 18.Bf2 h5 19.Nb5 g4 20.Nxa7 Rxa7 21.Bxa7 g3 22.Kh1 Nh7 23.Bb6 Qh4
24.Bg1 Ng5 25.Re1 Rg7 26.Bf1 gxh2 27.Bxh2 Nh8 28.Re2 Ngf7 29.Nb6 Qd8 30.Nxc8 Qxc8
31.Rc2 Qd8 32.Rac1 h4 33.Rc8 Qg5 34.a5 Ng6 35.b5 h3 36.gxh3 Nh4 37.a6 bxa6
38.bxa6 Nh6 39.Rxf8+ Kxf8 40.Rc8+ Kf7 41.a7 Nxf3 42.Qxf3  1-0

[Event "IMA"]
[Site "Marianske Lazne CZE"]
[Date "2009.01.23"]
[Round "9"]
[White "Kersten,U"]
[Black "Babula,M"]
[Result "1/2-1/2"]
[WhiteElo "2259"]
[BlackElo "2298"]

1.d4 Nf6 2.Nf3 g6 3.c4 Bg7 4.Nc3 O-O 5.e4 d6 6.Be2 e5 7.O-O Nc6 8.d5 Ne7
9.Ne1 Ne8 10.f3 f5 11.g4 Nf6 12.Nd3 c5 13.Bd2 Bd7 14.Kh1 Qc8 15.Rg1 fxg4
16.fxg4 h6 17.g5 hxg5 18.Bxg5 Rf7 19.Rb1 Qf8 20.b4 cxb4 21.Rxb4 b6 22.Qd2  1/2-1/2

[Event "1st Open"]
[Site "Gurgon IND"]
[Date "2009.01.24"]
[Round "5"]
[White "Gleizerov,E"]
[Black "Vishnu,P"]
[Result "1-0"]
[WhiteElo "2544"]
[BlackElo "2266"]

1.d4 Nf6 2.c4 g6 3.Nc3 Bg7 4.e4 d6 5.Nf3 O-O 6.Be2 e5 7.O-O Nc6 8.d5 Ne7
9.Nd2 a5 10.a3 Nd7 11.Rb1 f5 12.b4 Kh8 13.Qc2 Ng8 14.exf5 gxf5 15.f4 Ne7
16.Nf3 e4 17.Ne1 Nf6 18.Be3 axb4 19.axb4 c6 20.dxc6 bxc6 21.Qd2 d5 22.c5 Ng4
23.Bd4 Ng6 24.Nc2 Qc7 25.b5 Bb7 26.bxc6 Bxc6 27.Rb6 Rad8 28.g3 Rfe8 29.Bxg4 fxg4
30.Ne3 Ba8 31.Nf5 Rg8 32.Nxg7 Rxg7 33.Nb5 Qd7 34.Rd6 Qe8  1-0

[Event "Queenstown Classic"]
[Site "Queenstown NZL"]
[Date "2009.01.24"]
[Round "10"]
[White "Voon,R"]
[Black "Jones,B"]
[Result "1-0"]
[WhiteElo "1976"]
[BlackElo "2074"]

1.Nf3 Nf6 2.c4 g6 3.Nc3 Bg7 4.e4 d6 5.d4 O-O 6.Be2 e5 7.O-O Nc6 8.d5 Ne7
9.Ne1 Nd7 10.Be3 f5 11.f3 f4 12.Bf2 Kh8 13.Nd3 g5 14.c5 Nf6 15.Rc1 h5 16.cxd6 cxd6
17.Nb5 Ne8 18.Nxa7 Bd7 19.a4 Qa5 20.b4 Qxa4 21.Qxa4 Bxa4 22.b5 Nf6 23.Nb2 Bb3
24.Rc3 Bxd5 25.exd5 e4 26.b6 Nfxd5 27.Rb3 e3 28.Be1 Nxb6 29.Nb5 Nbd5 30.Bd3 Ra2
31.Nc4 g4 32.Ncxd6 Rfa8 33.Bh4 gxf3 34.gxf3 Bf6 35.Bxf6+ Nxf6 36.Nf7+ Kg7
37.Ng5 Kh6 38.h4 Ng6 39.Bxg6 Kxg6 40.Nc3 Rc2 41.Re1 b5 42.Ne2 Raa2 43.Kf1 Ng4
44.fxg4 hxg4 45.Nxf4+ Kf5 46.Ne2 g3 47.Nd4+  1-0

[Event "ch-PriFO"]
[Site "Kazan RUS"]
[Date "2009.01.26"]
[Round "6"]
[White "Ibraev,V"]
[Black "Dubov,Danil"]
[Result "1/2-1/2"]
[WhiteElo "2268"]
[BlackElo "2116"]

1.Nf3 Nf6 2.d4 g6 3.c4 Bg7 4.Nc3 O-O 5.e4 d6 6.Be2 e5 7.O-O Nc6 8.d5 Ne7
9.b4 Nh5 10.g3 f5 11.Ng5 Nf6 12.f3 h6 13.Ne6 Bxe6 14.dxe6 c6 15.Kg2 Qc7 16.Qb3 Qc8
17.Be3 Qxe6 18.Rad1 Kh7 19.Rd3 fxe4 20.fxe4 Ng4 21.Bg1 Rxf1 22.Bxf1 Rf8 23.Be2 h5
24.h3 Nf6 25.Bxa7 Bh6 26.Bf2 h4 27.g4 Bg5 28.Bf3 Rd8 29.b5 Rd7 30.a4 cxb5
31.Qxb5 Rc7 32.Nd5 Nexd5 33.cxd5 Qc8 34.Rb3 Kh6 35.Rb2 Bc1 36.Re2 g5 37.Qb4 Qd7
38.Bb6 Rc8 39.a5 Bf4 40.Rf2 Rc1 41.Re2 Ne8  1/2-1/2

[Event "1st Open"]
[Site "Gurgon IND"]
[Date "2009.01.27"]
[Round "8"]
[White "Ulibin,M"]
[Black "Sangma,R"]
[Result "1-0"]
[WhiteElo "2511"]
[BlackElo "2322"]

1.d4 Nf6 2.c4 g6 3.Nc3 Bg7 4.e4 d6 5.Be2 O-O 6.Nf3 e5 7.O-O Nc6 8.d5 Ne7
9.Nd2 Nd7 10.b4 f5 11.c5 Nf6 12.f3 f4 13.Nc4 g5 14.a4 Ng6 15.cxd6 cxd6 16.Nb5 Ne8
17.Bd2 Bd7 18.Be1 Bxb5 19.axb5 b6 20.Bf2 Rf7 21.Ra3 Rc8 22.Qa1 Qd7 23.Rc1 Bf8
24.Rac3 Qd8 25.R1c2 Rfc7 26.Nd2 Rxc3 27.Rxc3 Rxc3 28.Qxc3 Ng7 29.Qc6 Ne8
30.Nc4 Ne7 31.Qb7 Nc8 32.g3 fxg3 33.hxg3 Qc7 34.Qc6 Qd8 35.Kg2 Nf6 36.Ne3 Ne8
37.Qc1 Ne7 38.Nc4 Ng6 39.Be3 h6 40.Nd2 Ne7 41.Kh2 Bg7 42.Bf1 g4 43.fxg4 Qd7
44.g5 Qg4 45.gxh6 Bxh6 46.Bxh6 Qh5+ 47.Bh3 Qxh6 48.Qc3 Kg7 49.Kg2 Qg6 50.Qe3 Nf6
51.Be6 Qh5 52.Nf3 Qg6 53.Ng5 Qh6 54.Qd2 Kg6 55.Bf7+ Kg7 56.Ne6+ Kh7 57.Qxh6+ Kxh6
58.Kf3 Nh7 59.Nd8 Kg7 60.Bh5 Ng8 61.Bg4 Ng5+ 62.Ke3 Nf6 63.Bf5 Kf8 64.Nc6 Ng8
65.Nxa7 Ne7 66.Bg4 Ke8 67.Nc6 Nh7 68.Bf5 Nf6 69.Be6 Kf8 70.Nd8 Ne8 71.Nb7 Ng8
72.Na5 Nc7 73.Nc4 Nf6 74.Nxd6 Nxe6 75.dxe6 Ke7 76.Nc8+ Kxe6 77.Nxb6 Ng4+
78.Kf3 Nh2+ 79.Ke2 Ng4 80.Nd5 Kd6 81.Ne3 Nf6 82.Nc4+ Ke6 83.Kf3 Nd7 84.b6 Nb8
85.b5  1-0

[Event "1st Open"]
[Site "Gurgon IND"]
[Date "2009.01.28"]
[Round "9"]
[White "Lalith,B"]
[Black "Esenov,An"]
[Result "1-0"]
[WhiteElo "2477"]
[BlackElo "2338"]

1.Nf3 Nf6 2.c4 g6 3.Nc3 Bg7 4.e4 d6 5.d4 O-O 6.Be2 e5 7.O-O Nc6 8.d5 Ne7
9.b4 Nh5 10.Re1 Nf4 11.Bf1 f5 12.Bxf4 exf4 13.e5 a5 14.Qb3 axb4 15.Nb5 g5
16.c5 Ng6 17.exd6 cxd6 18.Rac1 g4 19.Nfd4 dxc5 20.Rxc5 Kh8 21.Ne6 Bxe6 22.dxe6 Qb6
23.Rd5 Ne7 24.Rd7 Bf6 25.Red1 g3 26.hxg3 fxg3 27.Qxg3 Rxa2 28.Nd6 h6 29.Nf7+ Kh7
30.Qf4 Qxe6 31.Bc4 Qxd7 32.Qxh6+ Kg8 33.Rxd7 Ra1+ 34.Kh2 Bg7 35.Ng5+  1-0

[Event "FINEC GM"]
[Site "St Petersburg RUS"]
[Date "2009.01.28"]
[Round "1"]
[White "Goganov,A"]
[Black "Gorovykh,E"]
[Result "1-0"]
[WhiteElo "2385"]
[BlackElo "2391"]

1.d4 Nf6 2.c4 g6 3.Nc3 Bg7 4.e4 d6 5.Nf3 O-O 6.Be2 e5 7.O-O Nc6 8.d5 Ne7
9.Nd2 c5 10.Rb1 Ne8 11.b4 b6 12.bxc5 bxc5 13.Qa4 Bh6 14.Nb3 Bxc1 15.Rfxc1 f5
16.Qa5 Qd7 17.f4 exf4 18.e5 dxe5 19.Nxc5 Qd6 20.Nd3 Qf6 21.c5 f3 22.gxf3 e4
23.Nf2 Qg5+ 24.Kh1 Qh4 25.Rf1 Nf6 26.Qc7 Nh5 27.fxe4 f4 28.Bxh5 gxh5 29.Rg1+ Ng6
30.Rb2 Kh8 31.e5 Bg4 32.Nxg4 hxg4 33.Ne4 Rac8 34.Qa5 Qh3 35.Rb3 g3 36.Qd2 Nxe5
37.Qb2 Qh5 38.c6 Kg8 39.Qg2 Kh8 40.Rb7 Nd3 41.Rf1 Qe5 42.Qf3 Rg8 43.hxg3 fxg3
44.Kg2 Rcf8 45.Rxh7+ Kxh7 46.Rh1+ Kg7 47.Qg4+ Kf7 48.Rh7+ Rg7 49.Rxg7+  1-0

[Event "ch-PriFO"]
[Site "Kazan RUS"]
[Date "2009.01.29"]
[Round "9"]
[White "Ibraev,V"]
[Black "Ibragimov,Az"]
[Result "0-1"]
[WhiteElo "2268"]
[BlackElo "1966"]

1.d4 Nf6 2.c4 g6 3.Nc3 Bg7 4.e4 O-O 5.Be2 d6 6.Nf3 Nc6 7.O-O e5 8.d5 Ne7
9.Ne1 Ne8 10.Be3 f5 11.f3 f4 12.Bf2 g5 13.c5 h5 14.a4 Rf6 15.Nb5 a6 16.cxd6 cxd6
17.Na3 Rg6 18.Kh1 g4 19.Nc4 g3 20.Bg1 gxh2 21.Bxh2 Bd7 22.a5 Nc8 23.Rg1 Qh4
24.Nd3 Nf6 25.Qe1 Rg3 26.Nd2 Qg5 27.Nf2 h4 28.Nh3 Qh6 29.Qf2 Nh5 30.Rgc1 Rg6
31.Bf1 Bf6 32.Rc7 Ng3+ 33.Bxg3 fxg3 34.Qe1 Bxh3 35.gxh3 Rb8 36.Nc4 Bd8 37.Rd7 Bg5
38.Qb4 Rg7 39.Rxg7+ Qxg7 40.Ra3 Qd7 41.Rb3 g2+ 42.Bxg2 Bf4 43.Kg1 Kf7 44.Kf1 Ke7
45.Rc3 Qb5 46.Rb3 Qxb4 47.Rxb4 Na7 48.Ra4 Rc8 49.Kf2 Nb5 50.Bf1 Bg3+ 51.Ke3 Nd4
52.Ra2 Rf8 53.Bg2 Bh2 54.Kf2 Bg3+ 55.Ke3 Be1 56.Kd3 Bb4 57.Ra4 Bc5 58.Nd2 Rg8
59.Bf1 Rg3 60.Rc4 Nxf3 61.Nxf3 Rxf3+ 62.Ke2 Rb3 63.Rc2 Bd4 64.Rc7+ Kf6 65.Rh7 Rxb2+
66.Kd3 Kg5 67.Be2 Rb3+ 68.Kd2 Rxh3 69.Rxb7 Ra3 70.Rg7+ Kh6 71.Rg4 h3 72.Rh4+ Kg5
73.Rg4+ Kf6 74.Rh4 Be3+ 75.Kc2 Bg5 76.Rh8 Ra2+ 77.Kd1 Ra3 78.Kc2 Bf4 79.Kb2 Re3
80.Bxa6 h2  0-1

[Event "7th Gibtelecom Masters"]
[Site "Caleta ENG"]
[Date "2009.01.30"]
[Round "4"]
[White "Almond,R"]
[Black "Haug,M"]
[Result "1/2-1/2"]
[WhiteElo "2126"]
[BlackElo "1935"]

1.d4 Nf6 2.c4 g6 3.Nf3 Bg7 4.Nc3 O-O 5.e4 d6 6.Be2 e5 7.O-O Nc6 8.d5 Ne7
9.Ne1 Nd7 10.f3 f5 11.g4 Nf6 12.Nd3 c6 13.Be3 Kh8 14.h3 b5 15.dxc6 bxc4 16.Nb4 Be6
17.Qa4 a5 18.Nc2 d5 19.exd5 Nfxd5 20.Rad1 Qc7 21.Nxd5 Nxd5 22.Bxc4 Nb6 23.Bxb6 Qxb6+
24.Kg2 Bxc4 25.Qxc4 Rac8 26.Rd6 Rf6 27.Rfd1 Rxc6 28.Qxc6 Qxc6 29.Rxc6 Rxc6
30.Rd8+ Bf8 31.Rxf8+ Kg7  1/2-1/2

[Event "7th Gibtelecom Masters"]
[Site "Caleta ENG"]
[Date "2009.02.01"]
[Round "6"]
[White "Perez Aleman,P"]
[Black "Vernay,C"]
[Result "0-1"]
[WhiteElo "2160"]
[BlackElo "2339"]

1.Nf3 Nf6 2.c4 g6 3.Nc3 Bg7 4.e4 d6 5.d4 O-O 6.Be2 e5 7.O-O Nc6 8.d5 Ne7
9.Ne1 Nd7 10.Be3 f5 11.f3 a6 12.b4 Qe8 13.Kh1 f4 14.Bg1 g5 15.Nd3 Rf6 16.Nf2 Kh8
17.Qa4 Rb8 18.Rfc1 Qf7 19.Qd1 Rg6 20.Nb1 b6 21.Nd2 Ng8 22.Rc3 Ngf6 23.Rac1 Bf8
24.Nf1 Be7 25.Ng4 Nxg4 26.fxg4 Nf6 27.Bf3 Rg8 28.h3 Qg6 29.Qc2 h5 30.Nh2 hxg4
31.Nxg4 Bxg4 32.Bxg4 Nxe4 33.c5 bxc5 34.bxc5 Bf6 35.cxd6 cxd6 36.Rc6 Ng3+
37.Kh2 Qxc2 38.R1xc2 Be7 39.Rxa6 Rb1 40.Rc7 Rgb8 41.Rc8+ Rxc8 42.Bxc8 e4
43.Ra8 Kg7 44.Ra7 Kf8 45.Rb7 Ra1 46.Rb8 e3 47.Bf5+ Kf7 48.Rb1 Rxb1 49.Bxb1 Bf6
50.h4 g4 51.Bd3 Bd4 52.a4 Kg7 53.a5 Kh6 54.a6 Kh5 55.Bb5 Kxh4 56.Bd3 Kg5
57.Bb5 Kf6 58.Bd7 Nf1+ 59.Kh1 g3 60.Bg4 Ke5 61.Be6 Nd2  0-1

[Event "7th Gibtelecom Masters"]
[Site "Caleta ENG"]
[Date "2009.02.03"]
[Round "8"]
[White "Almond,R"]
[Black "Ribon Calabia,M"]
[Result "1-0"]
[WhiteElo "2126"]
[BlackElo "1864"]

1.d4 Nf6 2.c4 g6 3.Nf3 Bg7 4.Nc3 O-O 5.e4 d6 6.Be2 e5 7.O-O Nc6 8.d5 Ne7
9.Ne1 Nd7 10.f3 f5 11.g4 fxg4 12.fxg4 Rxf1+ 13.Kxf1 Nf6 14.Nd3 Bd7 15.Be3 b6
16.Rc1 Rc8 17.Nf2 c6 18.dxc6 Rxc6 19.Rc2 Qf8 20.Rd2 Nc8 21.Kg1 Qf7 22.b3 Bf8
23.a4 Kg7 24.a5 Be6 25.Ra2 Qb7 26.axb6 axb6 27.Nb5 Ne8 28.Qa1 Nc7 29.Na7 Nxa7
30.Rxa7 Qc8 31.b4 Kg8 32.b5 Nxb5 33.cxb5 Rc3 34.Ra3 Rxa3 35.Qxa3 d5 36.Qc1 Bc5
37.Bxc5 bxc5 38.exd5 Bxd5 39.Bc4 Qe6 40.Bxd5 Qxd5 41.Qb1 e4 42.Qxe4 Qd6 43.Qc6 Qd4
44.b6 Kg7 45.Qc7+ Kh6 46.b7 Kg5 47.b8=Q Qa1+ 48.Kg2 Qa2 49.Qf4+ Kh4 50.Qh6+  1-0

[Event "FINEC GM"]
[Site "St Petersburg RUS"]
[Date "2009.02.03"]
[Round "8"]
[White "Savchenko,S"]
[Black "Gorovykh,E"]
[Result "1-0"]
[WhiteElo "2572"]
[BlackElo "2391"]

1.d4 Nf6 2.c4 g6 3.Nc3 Bg7 4.e4 d6 5.Nf3 O-O 6.Be2 e5 7.O-O Nc6 8.d5 Ne7
9.b4 Nh5 10.Re1 f5 11.Ng5 Nf6 12.f3 Kh8 13.Rb1 c6 14.Be3 Ne8 15.c5 b6 16.Bc4 h6
17.Ne6 Bxe6 18.dxe6 Qc7 19.cxd6 Nxd6 20.Bb3 g5 21.Qc2 Ng6 22.Rbd1 Qe7 23.b5 Rac8
24.bxc6 Rxc6 25.Qd3 fxe4 26.fxe4 Nc8 27.Nd5 Qa3 28.Qb5 Rxe6 29.Nc7 Re7 30.Ne6 Rfe8
31.Qc6 Nf4 32.Nd8 Qa6 33.Bc4 Qa5 34.Qxc8 b5 35.Nf7+ Kg8 36.Nd6+ bxc4 37.Nxe8 Qxa2
38.Bxf4  1-0

[Event "7th Gibtelecom Masters"]
[Site "Caleta ENG"]
[Date "2009.02.04"]
[Round "9"]
[White "Demac,E"]
[Black "Fruebing,S"]
[Result "1-0"]
[WhiteElo "1993"]
[BlackElo "2307"]

1.d4 Nf6 2.c4 g6 3.Nc3 Bg7 4.e4 d6 5.Nf3 O-O 6.Be2 e5 7.O-O Nc6 8.d5 Ne7
9.b4 a5 10.Ba3 axb4 11.Bxb4 Nd7 12.a4 Bh6 13.Qb3 Kh8 14.Rfd1 f5 15.Bd3 Nf6
16.c5 fxe4 17.Bxe4 Nf5 18.Qa3 Nxe4 19.Nxe4 Ra6 20.cxd6 cxd6 21.Rd3 Rf7 22.g4 Ne3
23.Rxe3 Bxe3 24.Qxe3 Bxg4 25.Nfg5 Rg7 26.Rc1 Bf5 27.a5 Qd7 28.Qa3 Bxe4 29.Nxe4 Qg4+
30.Ng3 Rd7 31.Qc3 h5 32.Qc8+ Kh7 33.h3  1-0

[Event "TCh-HUN 2008-9"]
[Site "Budapest HUN"]
[Date "2009.02.08"]
[Round "7"]
[White "Szalai,K"]
[Black "Zsinka,L"]
[Result "1-0"]
[WhiteElo "2308"]
[BlackElo "2291"]

1.Nf3 Nf6 2.c4 g6 3.d4 Bg7 4.Nc3 O-O 5.e4 d6 6.Be2 Nc6 7.O-O e5 8.d5 Ne7
9.Ne1 h6 10.Be3 Nd7 11.Qd2 Kh7 12.Nd3 f5 13.f3 f4 14.Bf2 g5 15.c5 Nf6 16.Rfc1 Bd7
17.b4 Ng6 18.c6 bxc6 19.dxc6 Bxc6 20.b5 Bb7 21.Nb4 g4 22.Ncd5 Bxd5 23.Nxd5 Nxd5
24.Qxd5 g3 25.Be1 gxh2+ 26.Kh1 Bf6 27.Ba5 Rc8 28.Rc2 Rg8 29.Rac1 Rg7 30.Qe6 Bh4
31.Bc4 Qf8 32.Bd5 Re8 33.Qf5 Bd8 34.Qxf8 Rxf8 35.Bxc7 Be7 36.a4 Nh4 37.a5 Rf6
38.b6 axb6 39.axb6 Rfg6 40.b7 Nxg2 41.b8=Q Nh4 42.Rxh2 Nxf3 43.Bb6 Nxh2 44.Rc8 Rf6
45.Rg8 Bf8 46.Rxf8  1-0

[Event "ch-CZE"]
[Site "Decin CZE"]
[Date "2009.02.11"]
[Round "2"]
[White "Studnicka,Toma"]
[Black "Talla,V"]
[Result "1-0"]
[WhiteElo "2317"]
[BlackElo "2407"]

1.d4 Nf6 2.c4 g6 3.Nc3 Bg7 4.e4 d6 5.Be2 O-O 6.Nf3 e5 7.O-O Nc6 8.d5 Ne7
9.b4 a5 10.Ba3 b6 11.bxa5 Nh5 12.Nd2 Nf4 13.Nb3 Nxe2+ 14.Qxe2 bxa5 15.Rfd1 f5
16.f3 f4 17.Qf2 g5 18.c5 Rf6 19.Nb5 Ba6 20.Nxc7 Qxc7 21.cxd6 Rxd6 22.Rac1 Qd8
23.Bxd6 Qxd6 24.Nxa5 Bf8 25.Nb3 Bc8 26.Rd2 Bd7 27.Nc5 Ng6 28.Rdc2 Bc8 29.Nb3 Bd7
30.Rc7 Be7 31.Ra7 Rb8 32.Kh1 Nf8 33.h3 Bd8 34.Qc5 Qh6 35.Kh2 g4 36.fxg4 f3
37.Qc3 Bb6 38.Rxd7 Nxd7 39.gxf3 Be3 40.Rd1 Bf4+ 41.Kg2 Ra8 42.Nc1 Qh4 43.Qe1 Qxe1
44.Rxe1 Rc8 45.Nd3 Rc2+ 46.Kf1 Bg3 47.Re2 Rc3 48.Kg2 Bh4 49.Nb4 Be7 50.Nc6 Ba3
51.g5 Bc1 52.h4 Kf7 53.Kg3 h5 54.gxh6 Kg6 55.h5+ Kxh6 56.Kg4 Bf4 57.a4 Ra3
58.a5 Nf6+ 59.Kf5 Nxh5 60.Rf2 Bg3 61.Rf1 Bf4 62.Rh1 Rxf3 63.a6 Ra3 64.a7 Ra2
65.d6 Ra6 66.Kg4  1-0

[Event "FSGM February"]
[Site "Budapest HUN"]
[Date "2009.02.16"]
[Round "10"]
[White "Banusz,T"]
[Black "Konnyu,J"]
[Result "1-0"]
[WhiteElo "2501"]
[BlackElo "2405"]

1.d4 Nf6 2.c4 g6 3.Nc3 Bg7 4.e4 d6 5.Nf3 O-O 6.Be2 e5 7.O-O Nc6 8.d5 Ne7
9.Nd2 Ne8 10.b4 f5 11.c5 Nf6 12.f3 f4 13.Nc4 g5 14.a4 Ng6 15.Ba3 Rf7 16.a5 Bf8
17.c6 b6 18.Bb2 Rb8 19.axb6 axb6 20.Nb5 g4 21.Na7 h5 22.Kh1 Bh6 23.Nxc8 Rxc8
24.fxg4 Nh4 25.Bf3 Nxf3 26.gxf3 hxg4 27.fxg4 Bg5 28.Qf3 Rh7 29.b5 Qe8 30.Nd2 Rh4
31.Rg1 Qg6 32.Qg2 Kf7 33.Nf3 Nxe4 34.Nxh4 Bxh4 35.Rgf1 Rh8 36.Ra3 Ke7 37.Kg1 Rg8
38.h3 Ng5 39.Bc1 Kf7 40.Bxf4 exf4 41.Rxf4+ Kg7 42.Re3 Ra8 43.Qb2+ Kg8 44.Kg2 Nf7
45.Re6 Qg7 46.Qe2 Ne5 47.Rf5 Ng6 48.Re8+ Rxe8 49.Qxe8+ Nf8 50.Qe2 Bf6 51.Qe4 Be5
52.h4 Ng6 53.Kh3 Nxh4 54.Rxe5 dxe5 55.Kxh4 Qh6+ 56.Kg3 Qd6 57.g5 Kg7 58.Kg4 Qe7
59.Kf5  1-0